000 00372nam a2200145Ia 4500
008 231031s9999||||xx |||||||||||||| ||und||
020 _a9788121924412
082 _a621.3
_bThe/T
100 _aTheraja b.l.
245 2 _aA textbook of electrical technology
250 _a1st Edition
260 _aNew delhi
_bS. Chand Publishing
_c2017
300 _a2750p.
942 _cBK
999 _c42393
_d42393